Statistics for More Repeated Syllable Answers

Click here to take the quiz!

General Stats

  • This quiz has been taken 25 times
  • The average score is 8 of 16

Answer Stats

Hint Answer % Correct
Extinct bird of MauritiusDodo
96%
Sound of the cartoon RoadrunnerMeep Meep
91%
High-kicking French chorus line danceCan-Can
87%
Something forbiddenNo-no
78%
Barney Rubble's sonBamm-Bamm
74%
Art movement of Duchamp and DaliDada
65%
Cher song subtitled "(My Baby Shot Me Down)"Bang Bang
61%
Type of drums OR navigation technology companyTom Tom
57%
Pedal that alters the sound of an electric guitarWah-wah
48%
Scottish singer of "To Sir With Love"Lulu
39%
Chinese dog breedChow Chow
39%
1960s dance style exemplified by Goldie Hawn on Laugh-InGo-go
26%
Boxer Ray Mancini OR hockey star Bernie GeoffrionBoom Boom
26%
Loose dress of Hawaiian originMuumuu
26%
Hawaiian gooseNene
17%
Excessively showy or extravagantShishi
4%

Score Distribution

Percentile by Number Answered

Percent of People with Each Score

Your Score History

You have not taken this quiz